[Event "SVK-ch U14"]
[Site "Tatralandia"]
[Date "2015.04.25"]
[Round "9"]
[White "Stolar, Pavol"]
[Black "Ganz, Tomas"]
[Result "1-0"]
[WhiteElo "1167"]
[BlackElo "1208"]
[PlyCount "115"]
[EventDate "2015.04.18"]
[EventType "swiss"]
[EventRounds "9"]
[EventCountry "SVK"]
[SourceTitle "CBM 166 Extra"]
[Source "ChessBase"]
[SourceDate "2015.06.18"]
[SourceVersion "1"]
[SourceVersionDate "2015.06.18"]
[SourceQuality "1"]

1. Nf3 Nf6 2. c4 c5 3. g3 b6 4. Bg2 Bb7 5. Nc3 e5 6. d3 d6 7. 0-0 Qc7 8. Re1 Nbd7 9. e3 Be7 10. d4 0-0 11. d5 a6 12. e4 Ng4 13. Ng5 Nh6 14. b3 Bxg5 15. Bxg5 f6 16. Bxh6 gxh6 17. Bh3 f5 18. Bxf5 Nf6 19. Rf1 Bc8 20. Bxc8 Qxc8 21. f4 Qh3 22. fxe5 Ng4 23. Qd2 Nxe5 24. Qg2 Qh5 25. Qe2 Nf3+ 26. Kh1 Ra7 27. Nd1 Re7 28. Nc3 Rg7 29. Qg2 Qg4 30. a3 h5 31. Rf2 h4 32. gxh4 Qxh4 33. Qf1 Qh5 34. Qe2 Qg6 35. Rxf3 Re8 36. Rg3 Qf6 37. Rxg7+ Kxg7 38. Rg1+ Kh8 39. Rf1 Qxc3 40. Qh5 Rg8 41. Qh6 Qb2 42. Qf6+ Qxf6 43. Rxf6 Rd8 44. Kg2 Kg7 45. Re6 b5 46. Kg3 Kf7 47. Kf4 Kf8 48. e5 dxe5+ 49. Kxe5 bxc4 50. bxc4 a5 51. d6 Rd7 52. Kd5 Kf7 53. Re7+ Rxe7 54. dxe7 Kxe7 55. Kxc5 Kf6 56. Kb6 Kg5 57. c5 Kg4 58. c6 1-0

[Event "SVK-ch U14"]
[Site "Tatralandia"]
[Date "2015.04.21"]
[Round "5"]
[White "Stauder, Matej"]
[Black "Stolar, Pavol"]
[Result "1-0"]
[WhiteElo "1000"]
[BlackElo "1167"]
[PlyCount "83"]
[EventDate "2015.04.18"]
[EventType "swiss"]
[EventRounds "9"]
[EventCountry "SVK"]
[SourceTitle "CBM 166 Extra"]
[Source "ChessBase"]
[SourceDate "2015.06.18"]
[SourceVersion "1"]
[SourceVersionDate "2015.06.18"]
[SourceQuality "1"]

1. e4 e5 2. Nf3 Nc6 3. Bc4 Bc5 4. d3 Nf6 5. Be3 Bxe3 6. fxe3 Ng4 7. Qe2 d6 8. h3 Nf6 9. 0-0 0-0 10. c3 Na5 11. Nbd2 Nxc4 12. Nxc4 h6 13. Ncd2 Bd7 14. d4 Re8 15. Qd3 Re7 16. b3 b6 17. Rfe1 Bc6 18. d5 Bb7 19. c4 Nd7 20. b4 Nf8 21. Nf1 Ng6 22. Ng3 Rd7 23. Nf5 Ne7 24. b5 Nxf5 25. exf5 Qf6 26. e4 a6 27. a4 axb5 28. axb5 Rxa1 29. Rxa1 Rd8 30. Ra7 Rb8 31. Qa3 g6 32. Rxb7 Rxb7 33. Qa8+ Kg7 34. Qxb7 gxf5 35. exf5 Qxf5 36. Qxc7 Qf4 37. Qxb6 Qc1+ 38. Kf2 Qc2+ 39. Kg3 Qxc4 40. Qxd6 Qxb5 41. Qxe5+ Kg8 42. Qd4 1-0

[Event "SVK-ch U14"]
[Site "Tatralandia"]
[Date "2015.04.20"]
[Round "4"]
[White "Stolar, Pavol"]
[Black "Ciglian, Michal"]
[Result "1/2-1/2"]
[WhiteElo "1167"]
[BlackElo "1467"]
[PlyCount "147"]
[EventDate "2015.04.18"]
[EventType "swiss"]
[EventRounds "9"]
[EventCountry "SVK"]
[SourceTitle "CBM 166 Extra"]
[Source "ChessBase"]
[SourceDate "2015.06.18"]
[SourceVersion "1"]
[SourceVersionDate "2015.06.18"]
[SourceQuality "1"]

1. e4 e5 2. Nf3 Nc6 3. Bb5 a6 4. Bxc6 dxc6 5. Nc3 Bd6 6. d4 exd4 7. Nxd4 Nf6 8. Bg5 h6 9. Bh4 0-0 10. 0-0 Be5 11. Nce2 Qd6 12. Bg3 Nxe4 13. Bxe5 Qxe5 14. Nf3 Qxb2 15. Qd3 Nf6 16. Nh4 Qb4 17. g3 Qe4 18. Qxe4 Nxe4 19. Rad1 Be6 20. a3 Rad8 21. Nf4 Bc4 22. Nd3 Bxd3 23. Rxd3 Rxd3 24. cxd3 Nc5 25. d4 Ne6 26. Nf5 Kh7 27. Rb1 b6 28. Ne7 Nxd4 29. Rd1 c5 30. Nd5 Rd8 31. Ne3 Ne2+ 32. Kf1 Rxd1+ 33. Nxd1 Nd4 34. Ne3 c6 35. Nc4 b5 36. Nd6 f6 37. h3 Nc2 38. Ke2 Nxa3 39. Kd3 b4 40. f3 Nb5 41. Nb7 b3 42. Nxc5 b2 43. Kc2 Nd4+ 44. Kxb2 Nxf3 45. h4 a5 46. Ka3 Nd2 47. Nb7 Kg6 48. Nxa5 Kf5 49. Nxc6 Kg4 50. Nd4 Kxg3 51. Nf5+ Kg4 52. Nxg7 Kxh4 53. Kb2 Ne4 54. Kc2 Kg4 55. Kd3 f5 56. Ke3 h5 57. Ne6 h4 58. Nf4 Ng5 59. Ng2 h3 60. Ne1 h2 61. Nd3 h1Q 62. Nf2+ Kg3 63. Nxh1+ Kg4 64. Nf2+ Kh5 65. Nd3 Kg6 66. Nf4+ Kf6 67. Nh5+ Ke5 68. Kf2 Ne4+ 69. Ke3 Nc3 70. Kf2 Ke4 71. Kg3 Ne2+ 72. Kf2 Nc1 73. Ng3+ Kf4 74. Nxf5 1/2-1/2

[Event "SVK-ch U10"]
[Site "Lubovnianske Kupele"]
[Date "2012.03.22"]
[Round "7"]
[White "Celustka, Lukas"]
[Black "Stolar, Pavol"]
[Result "0-1"]
[WhiteElo "1183"]
[BlackElo "1000"]
[PlyCount "78"]
[EventDate "2012.03.17"]
[EventType "swiss"]
[EventRounds "9"]
[EventCountry "SVK"]
[SourceTitle "CBM 147 Extra"]
[Source "ChessBase"]
[SourceDate "2012.04.24"]
[SourceVersion "1"]
[SourceVersionDate "2012.04.24"]
[SourceQuality "1"]

1. e4 e5 2. Nf3 Nc6 3. Bc4 Bc5 4. c3 h6 5. h3 Nf6 6. d3 d6 7. Be3 Bxe3 8. fxe3 0-0 9. Nbd2 Be6 10. Bb3 Ne7 11. 0-0 Ng6 12. Rb1 Nd7 13. Bxe6 fxe6 14. Qb3 Nc5 15. Qc4 b6 16. b4 d5 17. exd5 exd5 18. Qg4 Nxd3 19. Qxg6 e4 20. Ne1 Rxf1+ 21. Kxf1 Nxe1 22. Kxe1 Qh4+ 23. Kd1 Qf2 24. Qc6 Rf8 25. Qxd5+ Kh8 26. Qxe4 Qf6 27. Kc2 Rd8 28. Qf4 Qe6 29. Nb3 Qg6+ 30. e4 Qxg2+ 31. Nd2 Qxh3 32. Qxc7 Qd3+ 33. Kb3 Qxd2 34. Rb2 Qd1+ 35. Ka3 b5 36. Qxa7 Rd3 37. Qc7 Qc1 38. Kb3 Qd1+ 39. Ka3 Qa4# 0-1

[Event "SVK-ch U10"]
[Site "Lubovnianske Kupele"]
[Date "2012.03.18"]
[Round "2"]
[White "Stolar, Pavol"]
[Black "Panko, Eduard"]
[Result "0-1"]
[WhiteElo "1000"]
[BlackElo "1138"]
[PlyCount "60"]
[EventDate "2012.03.17"]
[EventType "swiss"]
[EventRounds "9"]
[EventCountry "SVK"]
[SourceTitle "CBM 147 Extra"]
[Source "ChessBase"]
[SourceDate "2012.04.24"]
[SourceVersion "1"]
[SourceVersionDate "2012.04.24"]
[SourceQuality "1"]

1. e4 e6 2. Nf3 d5 3. e5 c5 4. d3 Nc6 5. g3 Qc7 6. Bf4 Nge7 7. d4 Nf5 8. dxc5 Bxc5 9. Bg2 0-0 10. 0-0 Nfd4 11. Nxd4 Bxd4 12. Qg4 Ne7 13. c3 Bxe5 14. Bh6 Ng6 15. Be3 Bf6 16. Bd4 e5 17. Qh5 exd4 18. cxd4 Qd6 19. Rd1 Be6 20. Nc3 h6 21. Bxd5 Bxd5 22. Nxd5 Rad8 23. Nxf6+ Qxf6 24. Qc5 b6 25. Qb4 Kh8 26. Rd3 Rfe8 27. Rad1 Re2 28. f4 Nxf4 29. Rf3 Nh3+ 30. Kf1 Qxf3# 0-1